000 01332nji a22003017a 4500
005 20100916105943.0
006 a|||||r|||||00| 0
007 sd ammalaaahaa
008 100830t xxu||||| |||| 00| 0 eng d
028 _aMOCE.4125
_bOdeon
035 _aGR-02524
040 _aSED
_cSED
100 _917455
_aMangeshkar, Lata
245 _aMotion picture songs from India /
_csung by Lata Mangeshkar; music by Lakshmikant Pyarelal; lyric by Majrooh
_h[sound recording] :
246 _aमोशन पिक्चर सोंग्स फ्रॉम इंडिया /
260 _aDum Dum, India
_bOdeon
_c1972
300 _a1 sound disc [Gramophone Recording]:
_banalog, 33 1/3 rpm
_c12.5 in. (LP)
_fGramophone Record
500 _aBrief Record
500 _aRecord labels : ODEON, Black
505 _aSide-1 पायल की झंकार (Payal ki jhankar) (Mere lal) (Lata Mangeshkar) Side-2 मेरे देश की धरती (Mere desh ki dharti) (Upkar) (Mahendra Kapoor and Chorus)
600 _aMangeshkar, Lata
_919590
650 _aFilm Songs
_zIndia
_91186
_xExcerpts
650 _aMotion Picture Music
_91186
700 _aLakshmikant Pyarelal
_920167
700 _aMajrooh
_920261
942 _2ddc
_cGR
999 _c46078
_d46078